| 000 | 01113nam a22003377a 4500 | ||
|---|---|---|---|
| 003 | CHAP | ||
| 005 | 20220329143142.0 | ||
| 008 | 060821d1992 cr r 00110 spa d | ||
| 010 | _a92557 | ||
| 011 | _a93529 | ||
| 022 | 0 | _a0253-4746 | |
| 035 | _a104105 | ||
| 040 | _cCHAP | ||
| 082 | 0 | 4 |
_a636.2 _bC32 |
| 100 | 1 |
_aCañas Cruchaga, Raúl. _918678 |
|
| 245 | 1 | 0 |
_aSimulación de sistemas pecuarios _c/por Raúl Cañas Cruchaga [y otros] |
| 260 |
_aSan José, Costa Rica : _bInstituto Interamericano de Cooperación para la Agricultura, _c1992. |
||
| 300 | _a284 p. | ||
| 590 |
_aBATCH-UPD _b10 _c20130110 _lUCH01 _h0453 |
||
| 590 |
_aBATCH-UPD _b10 _c20130410 _lUCH01 _h0130 |
||
| 590 |
_aBATCH-UPD _b10 _c20130410 _lUCH01 _h1618 |
||
| 590 |
_aBATCH-UPD _b10 _c20130914 _lUCH01 _h0838 |
||
| 590 |
_aCONVERSION _b10 _c20130109 _lUCH01 _h1351 |
||
| 650 | 1 | 4 |
_aGanadería _xModelos matemáticos. _944824 |
| 650 | 1 | 4 |
_aGanado vacuno. _945425 |
| 650 | 1 | 4 |
_aModelos de simulación. _976415 |
| 901 | _aBK | ||
| 905 | _aLilia | ||
| 942 | _cLIBRO | ||
| 949 |
_a636.2 C32 _bBC _cLIBRO _d33724000993440 _eLIBRO _h108148 _i104105 _sb |
||
| 999 |
_c92557 _d92557 |
||